NBA Best Player By Jersey Number - Statistics

General Stats
  • This quiz has been taken 192 times
  • The average score is 6 of 88
Answer Stats
Number Answer % Correct
23 Michael Jordan
76%
0 Russell Westbrook
60%
24 Kobe Bryant
50%
8 Kobe Bryant
38%
3 Allen Iverson
25%
32 Magic Johnson
24%
00 Robert Parish
23%
6 Bill Russell
20%
33 Kareem-Abdul Jabbar
20%
35 Kevin Durant
17%
21 Tim Duncan
16%
41 Dirk Nowitzki
14%
13 Wilt Chamberlain
12%
1 Oscar Robertson
11%
91 Dennis Rodman
9%
44 Jerry West
9%
50 David Robinson
8%
5 Kevin Garnett
7%
2 Moses Malone
7%
9 Bob Pettit
6%
34 Hakeem Olujawon
6%
12 John Stockton
6%
7 Pete Maravich
6%
31 Reggie Miller
6%
22 Elgin Baylor
5%
99 George Mikan
5%
17 John Havlicek
5%
18 Dave Cowens
3%
20 Gary Payton
3%
14 Oscar Robertson
3%
36 Shaquille O´Neal
3%
40 Shawn Kemp
3%
19 Willis Reed
3%
85 Baron Davis
2%
16 Bob Lanier
2%
70 Dennis Rodman
2%
73 Dennis Rodman
2%
55 Dikembe Mutombo
2%
4 Dolph Schayes
2%
94 Evan Fournier
2%
15 Hal Greer
2%
54 Horace Grant
2%
52 Jamaal Wilkes
2%
45 Michael Jordan
2%
76 Shawn Bradley
2%
10 Walt Frazier
2%
53 Artis Gilmore
1%
30 Bernard King
1%
46 Bo Outlaw
1%
26 Buddy Jeannette
1%
84 Chris Webber
1%
95 DeAndre Bembry
1%
92 Deshawn Stevenson
1%
39 Greg Ostertag
1%
43 Jack Sikma
1%
27 Jack Twyman
1%
72 Jason Kapono
1%
47 Jerry Lucas
1%
81 Jose Calderon
1%
11 Karl Malone
1%
38 Kwame Brown
1%
29 Marcus Camby
1%
37 Metta World Peace
1%
93 Metta World Peace
1%
96 Metta World Peace
1%
42 Nate Thurmond
1%
48 Nazr Mohammad
1%
28 Sam Cassell
1%
49 Shandon Anderson
1%
25 Vince Carter
1%
88 Antonie Walker
0%
89 Clyde Lovellette
0%
63 Coty Clarke
0%
83 Craig Smith
0%
61 Dave Piontek
0%
90 Drew Johnson
0%
56 Francisco Elson
0%
65 George Katkovicz
0%
57 Hilton Armstrong
0%
51 Metta World Peace
0%
68 Milt Schon
0%
67 Moe Becker
0%
62 Scot Pollard
0%
66 Scot Pollard
0%
86 Semih Erden
0%
77 Vladimir Radmanovic
0%
60 Walt Kirk
0%
71 Willie Naulls
0%
No matching quizzes found
Score Distribution
Percent of People with Each Score
Percentile by Number Answered
Your Score History
You have not taken this quiz